| 000 | 00622nam a22001937a 4500 | ||
|---|---|---|---|
| 005 | 20140910144958.0 | ||
| 010 | _aENG-110772 | ||
| 020 |
_a9788183875110 _c750.00 |
||
| 035 | _aEN-94304 | ||
| 037 | _bDBAD/PUB | ||
| 082 | _a305.420954 | ||
| 100 | _aTalwar,Sabanna | ||
| 245 |
_aIntellectual property rights and economic reforms in India / _cby Sabanna Talwar |
||
| 260 |
_aNew Delhi _bSerials Publications _c2012 |
||
| 270 |
_a4830/24, Prahlad street, Ansari Road, Darya Ganj _bNew Delhi _e110002 |
||
| 300 |
_axii,203p. _c22cm(Hb) |
||
| 500 | _aIncludes index | ||
| 942 |
_2ddc _cEN _h305.420954 _mTAL |
||
| 999 |
_c88392 _d88392 |
||